| 000 | 00784cam a2200277 a 4500 | ||
|---|---|---|---|
| 001 | sjds997174 | ||
| 003 | sjds | ||
| 005 | 20230214121310.0 | ||
| 008 | 890331s1985 sp a b 000 0dspa | ||
| 010 | _a 86181325 | ||
| 020 | _a8437605601 | ||
| 020 | _a9788437605609 | ||
| 040 |
_aDLC _cDLC _dDLC |
||
| 041 | _aspa | ||
| 050 | 0 | 0 |
_aPQ6613.A763 _bB6 1985 |
| 082 | 0 | 0 |
_a862/.62 _219 |
| 100 | 2 |
_aGarcia Lorca, Federico, _d1898-1936. |
|
| 245 | 1 | 0 |
_aBodas de sangre / _cFederico Garcia Lorca ; edicion de Allen Josephs y Juan Caballero. |
| 260 |
_aMadrid : _bCatedra, _c[1985] |
||
| 300 |
_a167 p. : _bill. ; _c18 cm. |
||
| 440 | 0 |
_aLetras hispanicas ; _v231 |
|
| 504 | _aBibliography: p. 83-90. | ||
| 700 | 1 | _aJosephs, Allen. | |
| 700 | 1 |
_aCaballero, Juan, _d1921- |
|
| 942 | _cBK | ||
| 999 |
_c873 _d873 |
||